[Event "EU-ch U16 24th"]
[Site "Batumi"]
[Date "2014.10.20"]
[Round "2"]
[White "Ghvamberia, Nika"]
[Black "Schroeder, Jan Christian"]
[Result "1/2-1/2"]
[WhiteElo "2151"]
[BlackElo "2415"]
[PlyCount "106"]
[EventDate "2014.10.19"]
[EventType "swiss"]
[EventRounds "9"]
[EventCountry "GEO"]
[SourceTitle "EXT 2015"]
[Source "ChessBase"]
[SourceDate "2014.11.20"]
[SourceVersion "1"]
[SourceVersionDate "2014.11.20"]
[SourceQuality "1"]

1. e4 d6 2. d4 Nf6 3. Nc3 e5 4. Nf3 Nbd7 5. h3 c6 6. Be3 Be7 7. Qd2 b5 8. Bd3 0-0 9. 0-0 Bb7 10. Rfd1 Qc7 11. dxe5 dxe5 12. Ne2 Rfd8 13. Ng3 Nc5 14. Qc3 Na4 15. Qb3 Nc5 16. Qc3 Nfd7 17. b3 Bf8 18. Be2 Ne6 19. b4 a5 20. a3 g6 21. Qb2 Ba6 22. c3 Nb6 23. Bxb6 Qxb6 24. Nxe5 Bd6 25. bxa5 Qc7 26. Ng4 h5 27. Nf6+ Kf8 28. a4 Be5 29. axb5 cxb5 30. Nd5 Qc5 31. Nf1 b4 32. Nxb4 Bxe2 33. Qxe2 Qxc3 34. Rab1 Rxd1 35. Qxd1 Rxa5 36. Nd5 Qd4 37. Qe2 Ra4 38. Re1 Nc5 39. Rd1 Qxe4 40. Qxe4 Nxe4 41. Re1 f5 42. Nb6 Bd4 43. Rxe4 Bxf2+ 44. Kxf2 Rxe4 45. Nd5 Kf7 46. Nc3 Rf4+ 47. Ke1 Rb4 48. Nd2 Rb2 49. Ne2 g5 50. Nf3 Kf6 51. g3 g4 52. hxg4 fxg4 53. Nh4 Ke5 1/2-1/2

[Event "Poti Aleksandria Cup 9th"]
[Site "Poti"]
[Date "2014.07.13"]
[Round "1"]
[White "Quparadze, Giga"]
[Black "Ghvamberia, Nika"]
[Result "1-0"]
[WhiteElo "2504"]
[BlackElo "2147"]
[PlyCount "89"]
[EventDate "2014.07.13"]
[EventType "swiss"]
[EventRounds "9"]
[EventCountry "GEO"]
[SourceTitle "CBM 161 Extra"]
[Source "ChessBase"]
[SourceDate "2014.08.29"]
[SourceVersion "1"]
[SourceVersionDate "2014.08.29"]
[SourceQuality "1"]

1. e4 c5 2. Nf3 e6 3. d4 cxd4 4. Nxd4 a6 5. Bd3 Qc7 6. 0-0 Nf6 7. Qe2 d6 8. c4 Be7 9. Nc3 Nbd7 10. Bc2 0-0 11. Kh1 b6 12. Bg5 Bb7 13. Rac1 Rac8 14. b3 Rfe8 15. Bb1 Qb8 16. Rfe1 Bf8 17. f4 g6 18. Qd2 Bg7 19. Re2 h6 20. Bh4 e5 21. fxe5 dxe5 22. Nc2 Bc6 23. Nb4 Qb7 24. Rf1 b5 25. cxb5 Bxb5 26. Nxb5 axb5 27. Ref2 g5 28. Bg3 Nc5 29. Rxf6 Bxf6 30. Rxf6 Nxe4 31. Bxe4 Qxe4 32. Rxh6 Qb1+ 33. Be1 Qc1 34. Qe2 Rcd8 35. Rc6 Qf4 36. Nd3 Qf5 37. Nf2 e4 38. Ng4 Re6 39. Nh6+ Rxh6 40. Rxh6 e3 41. Qxe3 Kg7 42. Rh3 Re8 43. Qd4+ Kg6 44. Bf2 Re4 45. Qd3 1-0

[Event "EU-ch 15th"]
[Site "Yerevan"]
[Date "2014.03.12"]
[Round "9"]
[White "Nersisyan, Garnik"]
[Black "Ghvamberia, Nika"]
[Result "0-1"]
[WhiteElo "2063"]
[BlackElo "2133"]
[PlyCount "82"]
[EventDate "2014.03.03"]
[EventType "swiss"]
[EventRounds "11"]
[EventCountry "ARM"]
[SourceTitle "CBM 160"]
[Source "ChessBase"]
[SourceDate "2014.05.15"]
[SourceVersion "1"]
[SourceVersionDate "2014.05.15"]
[SourceQuality "1"]

1. e4 c5 2. Nc3 d6 3. g3 g6 4. d3 Bg7 5. Be3 Nc6 6. Qd2 e6 7. Bg2 Rb8 8. Nge2 Nge7 9. Bh6 0-0 10. h4 f6 11. Bxg7 Kxg7 12. g4 e5 13. g5 f5 14. f4 b5 15. Nd5 Nxd5 16. exd5 Ne7 17. 0-0-0 Bb7 18. c4 bxc4 19. dxc4 e4 20. h5 Ba6 21. Qc3+ Kg8 22. hxg6 Nxg6 23. Rh6 Nxf4 24. Nxf4 Qxg5 25. Rdh1 Qxf4+ 26. Kb1 Rb7 27. Bf1 Rg7 28. Be2 Bc8 29. a3 Qe5 30. Qxe5 dxe5 31. b4 f4 32. bxc5 f3 33. Bd1 e3 34. Bxf3 Rxf3 35. c6 e2 36. Re1 Rf1 37. Rh1 Rxh1 38. Rxh1 Rf7 39. Re1 Rf1 40. d6 Rxe1+ 41. Kc2 Rd1 0-1

[Event "EU-ch 15th"]
[Site "Yerevan"]
[Date "2014.03.03"]
[Round "1"]
[White "Palac, Mladen"]
[Black "Ghvamberia, Nika"]
[Result "1-0"]
[WhiteElo "2561"]
[BlackElo "2133"]
[PlyCount "22"]
[EventDate "2014.03.03"]
[EventType "swiss"]
[EventRounds "11"]
[EventCountry "ARM"]
[SourceTitle "CBM 160"]
[Source "ChessBase"]
[SourceDate "2014.05.15"]
[SourceVersion "1"]
[SourceVersionDate "2014.05.15"]
[SourceQuality "1"]

1. e4 c5 2. Nf3 e6 3. d4 cxd4 4. Nxd4 a6 5. Bd3 Qc7 6. 0-0 Nf6 7. Qe2 d6 8. c4 Be7 9. Nc3 0-0 10. f4 Nbd7 11. Nf3 g6 1-0